| 000 | 00458nam a2200181Ia 4500 | ||
|---|---|---|---|
| 008 | 240925s9999 xx 000 0 und d | ||
| 020 | _a9780764195945 | ||
| 082 | _a378.166 GRE | ||
| 100 | _aGreen ,Sharoon Weiner | ||
| 245 | 0 | _aGRE | |
| 250 | _a18th | ||
| 260 |
_aLahore: _bJahangir Book Depot _c,2010. |
||
| 300 |
_aVarious pages _bN.A _fPhotocopy |
||
| 500 | _aIncludes Index | ||
| 600 | _aSocial Sciences | ||
| 650 | _aSocial Sciences | ||
| 942 | _cBK | ||
| 999 |
_c11009 _d11009 |
||